Statistics for Guess the U.S. States Being Drawn

Click here to take the quiz!

General Stats

  • This quiz has been taken 106,992 times
  • The average score is 7 of 10

Answers on the Map

Answers color-coded by a green-red scale on the quiz's map according to % correct below.
 

Answer Stats

% Correct
Hawaii
74%
Florida
72%
Nevada
72%
Texas
72%
California
71%
Michigan
71%
Alaska
70%
Idaho
70%
New Jersey
69%
Tennessee
69%
Colorado
68%
Louisiana
68%
New York
68%
Utah
68%
Maine
67%
Maryland
67%
Oklahoma
67%
Wyoming
67%
Illinois
66%
Kentucky
66%
Vermont
66%
Virginia
66%
Washington
66%
Alabama
65%
New Hampshire
65%
North Carolina
65%
Ohio
65%
Wisconsin
65%
Massachusetts
64%
Montana
64%
New Mexico
64%
West Virginia
64%
Arizona
63%
Minnesota
63%
Georgia
62%
Indiana
62%
Mississippi
62%
Nebraska
62%
Oregon
62%
South Carolina
62%
Iowa
61%
Delaware
60%
Missouri
60%
Arkansas
59%
Kansas
58%
Pennsylvania
57%
Rhode Island
55%
North Dakota
54%
Connecticut
52%
South Dakota
49%

Score Distribution

Percentile by Number Answered

Percent of People with Each Score

Your Score History

You have not taken this quiz